| 000 | 00911nam a22003017a 4500 | ||
|---|---|---|---|
| 003 | CHAP | ||
| 005 | 20220329140851.0 | ||
| 008 | 971013s1992 r 00010 d | ||
| 010 | _a58937 | ||
| 011 | _a59909 | ||
| 035 | _a64069 | ||
| 040 | _cCHAP | ||
| 082 |
_a581.134 _bA2 1992 |
||
| 100 | 0 | 0 |
_aAbeles, Frederick B. _9201 |
| 245 | _aEthylene in plant biology | ||
| 250 | _a2 ed. | ||
| 260 |
_aSan Diego, Ca. : _bAcademic Press, _c1992 |
||
| 300 |
_a414 p. _b: ilus. |
||
| 590 |
_aBATCH-UPD _b10 _c20130110 _lUCH01 _h0558 |
||
| 590 |
_aCONVERSION _b10 _c20130109 _lUCH01 _h1332 |
||
| 650 | 1 | 4 |
_aEtileno _xEfecto en plantas. _938604 |
| 650 | 1 | 4 |
_aPlantas _xCrecimiento _xAditivos. _988804 |
| 700 | 0 |
_aMorgan, Page W. _978801 |
|
| 700 | 0 |
_aSaltveit, Mikal E., Jr. _9101803 |
|
| 901 | _aBK | ||
| 942 | _cLIBRO | ||
| 949 |
_a581.134 A2 1992 _bBC _cLIBRO _d33724000083630 _eLIBRO _gI. 181158 _h90072 _i64069 _si _t554.00 |
||
| 999 |
_c58937 _d58937 |
||